Ethics for professions/ (Record no. 8223)
[ view plain ]
| 000 -LEADER | |
|---|---|
| fixed length control field | 00591nam a22002057a 4500 |
| 003 - CONTROL NUMBER IDENTIFIER | |
| control field | OSt |
| 005 - DATE AND TIME OF LATEST TRANSACTION | |
| control field | 20260203084631.0 |
| 008 - FIXED-LENGTH DATA ELEMENTS--GENERAL INFORMATION | |
| fixed length control field | 260203b |||||||| |||| 00| 0 eng d |
| 020 ## - INTERNATIONAL STANDARD BOOK NUMBER | |
| International Standard Book Number | 981-254-467-4. |
| 040 ## - CATALOGING SOURCE | |
| Original cataloging agency | DWC-Main lib. |
| Transcribing agency | OC |
| 082 ## - DEWEY DECIMAL CLASSIFICATION NUMBER | |
| Classification number | Circ. 174 R877e 2003 |
| 100 ## - MAIN ENTRY--PERSONAL NAME | |
| Personal name | Rowan, John R. |
| 245 ## - TITLE STATEMENT | |
| Title | Ethics for professions/ |
| Statement of responsibility, etc. | John R. Rowan |
| 260 ## - PUBLICATION, DISTRIBUTION, ETC. | |
| Place of publication, distribution, etc. | Singapore : |
| Name of publisher, distributor, etc. | Thomson Learning Asia, |
| Date of publication, distribution, etc. | c2003. |
| 300 ## - PHYSICAL DESCRIPTION | |
| Extent | ix, 445 p. ; |
| Dimensions | 23 cm. |
| 504 ## - BIBLIOGRAPHY, ETC. NOTE | |
| Bibliography, etc. note | Includes index. |
| 650 ## - SUBJECT ADDED ENTRY--TOPICAL TERM | |
| Topical term or geographic name entry element | 1. Professional ethics. |
| 700 ## - ADDED ENTRY--PERSONAL NAME | |
| Personal name | Zinach, Samuel Jr. |
| 942 ## - ADDED ENTRY ELEMENTS (KOHA) | |
| Source of classification or shelving scheme | Dewey Decimal Classification |
| Koha item type | Book Circulation |
| Classification part | Circ. |
| Suppress in OPAC | No |
| 952 ## - LOCATION AND ITEM INFORMATION (KOHA) | |
| -- | |
| Withdrawn status | Lost status | Source of classification or shelving scheme | Damaged status | Not for loan | Home library | Current library | Shelving location | Date acquired | Source of acquisition | Cost, normal purchase price | Total Checkouts | Full call number | Barcode | Date last seen | Copy number | Price effective from | Koha item type | Uniform Resource Identifier |
|---|---|---|---|---|---|---|---|---|---|---|---|---|---|---|---|---|---|---|
| Dewey Decimal Classification | College Library | College Library | Circulation | 03/13/2007 | School Fund | 399.00 | Circ. 174 R877e 2003 | CL44392 | 02/03/2026 | c1 | 02/03/2026 | BK-CIRC |